000
00391nam a2200145Ia 4500
008
100122s9999 xx 000 0 und d
082
_b
41342
_a
823
100
_a
नाईक गुरुनाथ
245
_a
खतरनाक
260
_b
पुजा प्रकाशन
_c
1987
300
_a
142
630
_a
खतरनाक
730
_a
खतरनाक
942
_c
BOOK
999
_c
422000
_d
421997